Представление документа в формате RUSMARC

ПолеНазваниеЗначение
  Тип записи a
  Библиографический уровень a
001 Контрольный номер 566693a529df4278ab02758536c82ce4
005 Дата корректировки 20240207194002.8
100 Данные общей обработки __
a Данные общей обработки 20231124 ||| 0rusy0189 ca
101 Язык документа 0_
a Язык текста rus
102 Страна публикации __
a Страна публикации RU
200 Заглавие и сведения об ответственности 1_
a Заглавие Мечта палеонтолога
e Сведения, относящиеся к заглавию [поделка из солёного теста с отпечатком игрушки]
f Первые сведения об ответственности М. Исаева
461 Уровень набора _0
1 2000
a Тошка и компания
463 Уровень физической единицы _0
1 2000
a № 11
v С. 10-11 : фот.
1 2101
d 2023
1 001668c133a555e496d964979940f0d9642
606 Тематические рубрики 0_
a Основная рубрика Самоделки - Лепка
610 Ключевые слова 0_
a Ключевые слова поделки, самоделки, лепка, солёное тесто, поделки из солёного теста
686 Индексы других классификаций __
a Классификационный индекс 77.553.7
700 Автор _1
a Фамилия Исаева
b Имя (инициалы) М.
g Полное личное имя Мария
801 Источник записи _0
a Страна RU
b Организация УОБДЮ
c Дата составления 20231124
g Правила каталогизации RCR
801 Источник записи _1
a Страна RU
b Организация УОБДЮ
c Дата составления 20231124
g Правила каталогизации RCR
901 Тип документа __
t Тип документа b
w Контрольный № источника 668c133a555e496d964979940f0d9642
905 Данные по созданию БЗ __
b Логин пользователя, который создал БЗ ibo4
909 Создатель записи __
a Создатель записи Бобылёва И.В.
910 Корректоры записи __
a Корректор записи Бобылёва И.В.
919 __
a Бобылёва И.В.
c Бобылёва И.В.